[Event "Luxembourg-ch"]
[Site "Luxembourg"]
[Date "1999.04.11"]
[Round "9"]
[White "Gudendorf, Marc"]
[Black "Steil, Raymond"]
[Result "0-1"]
[WhiteElo "1757"]
[BlackElo "1601"]
[PlyCount "32"]
[EventDate "1999.04.03"]
[EventType "swiss"]
[EventRounds "9"]
[EventCountry "LUX"]
[SourceTitle "EXT 2005"]
[Source "ChessBase"]
[SourceDate "2004.11.15"]
[SourceVersion "1"]
[SourceVersionDate "2004.11.15"]
[SourceQuality "1"]

1. e4 c6 2. d4 d5 3. exd5 cxd5 4. Bd3 Nc6 5. c3 g6 6. Ne2 Nf6 7. f3 Bg7 8. Be3 0-0 9. Qd2 Re8 10. Bh6 e5 11. Bxg7 Kxg7 12. 0-0 exd4 13. cxd4 Qb6 14. Qc3 Bd7 15. Nd2 Rac8 16. Nb3 Nb4 0-1

[Event "LUX-chABC"]
[Site "Dudelange"]
[Date "1998.04.15"]
[Round "5.21"]
[White "Hansen, Herve"]
[Black "Gudendorf, Marc"]
[Result "0-1"]
[WhiteElo "1645"]
[BlackElo "1655"]
[PlyCount "112"]
[EventDate "1998.04.11"]
[EventType "swiss"]
[EventRounds "9"]
[EventCountry "LUX"]
[SourceTitle "EXT 2013"]
[Source "ChessBase"]
[SourceDate "2012.11.22"]
[SourceVersion "1"]
[SourceVersionDate "2012.11.22"]
[SourceQuality "1"]

1. e4 d5 2. exd5 Nf6 3. c4 e6 4. dxe6 Bxe6 5. d4 Bb4+ 6. Nc3 Bg4 7. Qa4+ Nc6 8. d5 Nxd5 9. cxd5 Qxd5 10. Bd2 Qe6+ 11. Be2 0-0 12. a3 Bxe2 13. Ngxe2 Bxc3 14. bxc3 Rfe8 15. Be3 Ne5 16. 0-0 Nc4 17. Nf4 Qe4 18. Rfe1 Nd2 19. Qxe4 Nxe4 20. Bd4 c5 21. Bxc5 Nxc5 22. Nd5 h6 23. Nc7 Rxe1+ 24. Rxe1 Rc8 25. Re8+ Rxe8 26. Nxe8 Kf8 27. Nd6 a6 28. Kf1 Ke7 29. Nf5+ Kf6 30. Nd6 Ke6 31. Ne8 g6 32. Ke2 Kd5 33. Ke3 b5 34. Nf6+ Kc4 35. Ng4 Kxc3 36. Nxh6 Kb3 37. Nxf7 Kxa3 38. Ne5 b4 39. h4 b3 40. g4 b2 41. Nc4+ Ka2 42. Nxb2 Kxb2 43. h5 gxh5 44. g5 Ne6 45. f4 h4 46. g6 Ng7 47. Kf3 h3 48. Kg3 h2 49. Kxh2 a5 50. Kg3 a4 51. Kg4 a3 52. f5 a2 53. f6 a1Q 54. fxg7 Qa8 55. Kg5 Qg8 56. Kf6 Kc3 0-1

[Event "LUX-chABC"]
[Site "Dudelange"]
[Date "1997.04.05"]
[Round "8.24"]
[White "Kramer, Marcel"]
[Black "Gudendorf, Marc"]
[Result "1/2-1/2"]
[WhiteElo "1770"]
[BlackElo "1650"]
[PlyCount "89"]
[EventDate "1997.03.29"]
[EventType "swiss"]
[EventRounds "9"]
[EventCountry "LUX"]
[SourceTitle "EXT 2013"]
[Source "ChessBase"]
[SourceDate "2012.11.22"]
[SourceVersion "1"]
[SourceVersionDate "2012.11.22"]
[SourceQuality "1"]

1. d4 d5 2. Nf3 Nf6 3. e3 Bg4 4. Nbd2 e6 5. c3 c5 6. Qa4+ Nc6 7. Bb5 Qc7 8. Ne5 Rc8 9. Qxa7 Bd6 10. Nxc6 bxc6 11. Qxc7 Rxc7 12. Bd3 c4 13. Bc2 Be7 14. 0-0 Kd7 15. b3 cxb3 16. Nxb3 Rb7 17. f3 Bh5 18. Bd2 Rhb8 19. Rfb1 Bg6 20. Bxg6 hxg6 21. Bc1 Kc8 22. Rb2 Nd7 23. Rab1 c5 24. Nd2 Rxb2 25. Rxb2 Rxb2 26. Bxb2 c4 27. Nb1 Nb6 28. Ba3 Bf6 29. Kf2 Na4 30. e4 Nxc3 31. e5 Bxe5 32. dxe5 Nxb1 33. Bb2 c3 34. Bc1 c2 35. Ke3 Nc3 36. a3 Na4 37. Kd3 Kc7 38. Kxc2 Kc6 39. Be3 Kb5 40. Kb3 Ka5 41. f4 Kb5 42. g3 Ka5 43. Bd2+ Kb5 44. Be3 Ka5 45. Bd2+ 1/2-1/2

[Event "LUX-chABC"]
[Site "Dudelange"]
[Date "1997.04.02"]
[Round "5.5"]
[White "Gudendorf, Marc"]
[Black "Haas, Georges"]
[Result "0-1"]
[WhiteElo "1650"]
[BlackElo "2305"]
[PlyCount "67"]
[EventDate "1997.03.29"]
[EventType "swiss"]
[EventRounds "9"]
[EventCountry "LUX"]
[SourceTitle "EXT 2013"]
[Source "ChessBase"]
[SourceDate "2012.11.22"]
[SourceVersion "1"]
[SourceVersionDate "2012.11.22"]
[SourceQuality "1"]

1. e4 d5 2. exd5 Nf6 3. d4 Nxd5 4. c4 Nb6 5. Nc3 e5 6. d5 Bb4 7. Bd3 0-0 8. Bd2 c6 9. Nge2 f5 10. 0-0 Na6 11. a3 Bxc3 12. Bxc3 cxd5 13. cxd5 e4 14. Bxa6 bxa6 15. d6 Bd7 16. Nf4 Qg5 17. Bd2 Qf6 18. Bc3 Qh6 19. Nh5 Rf7 20. Bxg7 Rxg7 21. Nxg7 Qxg7 22. Qd2 Rf8 23. Rac1 f4 24. Kh1 Qe5 25. b4 Rf6 26. Rc5 Qxd6 27. Rg5+ Kf8 28. Qc2 Qe7 29. Rh5 Be8 30. Rc5 Bd7 31. Rc7 Nd5 32. Rd1 Nxc7 33. Qxc7 Bb5 34. a4 0-1